=LDR 00000nam 2200000 4500 =001 INLIS000000000019148 =005 20130612114240 =008 ***********************************Ind** =035 ##$$0010-061300000019148 =041 ##$$a Ind =082 ##$$a 823 =090 ##$$a 823, Ham f =100 ##$$a Hangway, Ernest =245 ##$$a For whom the bell tolls, Ernest Hemingway =260 ##$$a 1982 $b London =300 ##$$a 716 hlm, 21 cm =650 ##$$a Fiksi Inggris =850 ##$$a NBPNMAT